000 00588nam a22002057a 4500
999 _c6529
_d6529
003 OSt
005 20200129161921.0
008 200129b ||||| |||| 00| 0 eng d
020 _a 0335201911
040 _c040a
082 _a370.7
_bMAC 2003
100 _aMacLure, Maggie
_913415
245 _aDiscourse in educational and social research /
_cMaggie MacLure
260 _aBuckingham
_bOpen University press
_c2003
300 _axi, 231p;
_c12cm.
504 _aIncludes bibliographical references and index
650 _2Education
650 _2Social research
942 _2ddc
_cO_SHELF